header

Production and operations management (Record no. 54723)

MARC details
000 -LEADER
fixed length control field 01207nam a2200313 a 4500
100 1# - MAIN ENTRY--AUTHOR NAME
Personal name Anil Kumar, S.
245 10 - TITLE STATEMENT
Title Production and operations management
250 ## - EDITION STATEMENT
Edition statement 2nd ed.
260 ## - PUBLICATION, DISTRIBUTION, ETC. (IMPRINT)
Place of publication New Delhi :
Name of publisher New Age International (P) Ltd., Publishers,
Year of publication 2008.
300 ## - PHYSICAL DESCRIPTION
Number of Pages xii, 271 p. :
Other physical details ill.
650 #0 - SUBJECT ADDED ENTRY--TOPICAL TERM
Topical Term Production management.
Topical Term Materials management.
Topical Term Production control.
700 1# - ADDED ENTRY--PERSONAL NAME
Personal name Suresh, N.
856 40 - ELECTRONIC LOCATION AND ACCESS
Uniform Resource Identifier http://site.ebrary.com/lib/rucke/Doc?id=10323373

No items available.

© 2026 Rongo University
Contact us: librarian | system librarian | Rongo university